| 000 | 00810nam a2200265 i 4500 | ||
|---|---|---|---|
| 003 | DO-SdBNP | ||
| 005 | 20260525155139.0 | ||
| 007 | ta | ||
| 008 | 260525b |||||||| |||| 00| 0 spa d | ||
| 020 | _a9789945464047 | ||
| 040 |
_aDO-SdBNP _bspa _cBNPHU _erda |
||
| 041 | _aspa | ||
| 082 |
_bF633a _22011 |
||
| 100 |
_aFlorentino, Maritza, _4autor _eaut. _987364 |
||
| 245 |
_aBienvenida, la Tortuga Verde/ _cMaritza Florentino: |
||
| 264 |
_aColombia: _bQuad/Graphics, _c2011. |
||
| 300 |
_a61, páginas; _bContiene ilustraciones, _c22 cm. |
||
| 336 |
_atexto _btxt _2rdacontent |
||
| 337 |
_asin mediación _bn _2rdamedia |
||
| 338 |
_avolumen _bnc _2rdacarrier |
||
| 590 | _aInventariado por A/G | ||
| 700 |
_aSánchez, Ariel, _eIlustrador _4corr. _989734 |
||
| 910 | _aAdalgisa González | ||
| 942 |
_2ddc _cLBS1 |
||
| 999 |
_c60823 _d60823 |
||